The world trade organization and the developing countries
The book is to highlight, analyze, and discuss fundamental features of the WTO that directly affect OPEC member countries and other developing countries
Αποθηκεύτηκε σε:
| Κύριος συγγραφέας: | |
|---|---|
| Μορφή: | Βιβλίο |
| Γλώσσα: | Undetermined |
| Έκδοση: |
Vienna, Austria
The Fund
1999
|
| Θέματα: | |
| Ετικέτες: |
Προσθήκη ετικέτας
Δεν υπάρχουν, Καταχωρήστε ετικέτα πρώτοι!
|
| Thư viện lưu trữ: | Trung tâm Học liệu Trường Đại học Cần Thơ |
|---|
| LEADER | 00761nam a2200193Ia 4500 | ||
|---|---|---|---|
| 001 | CTU_34081 | ||
| 008 | 210402s9999 xx 000 0 und d | ||
| 082 | |a 330.9 | ||
| 082 | |b K45 | ||
| 100 | |a Rasheed Khalid | ||
| 245 | 4 | |a The world trade organization and the developing countries | |
| 245 | 0 | |c Rasheed Khalid, Mohammad Saleem, Philip Levy | |
| 260 | |a Vienna, Austria | ||
| 260 | |b The Fund | ||
| 260 | |c 1999 | ||
| 520 | |a The book is to highlight, analyze, and discuss fundamental features of the WTO that directly affect OPEC member countries and other developing countries | ||
| 650 | |a development countries - economic conditions,international economic relations | ||
| 904 | |i Minh, 991124 | ||
| 980 | |a Trung tâm Học liệu Trường Đại học Cần Thơ | ||